| 000 | 00613cam a2200229 4500 | ||
|---|---|---|---|
| 001 | J104068 | ||
| 008 | 000000n1998 000 0 eng u | ||
| 035 | _a(Sirsi) u104068 | ||
| 050 | _a333.337 | ||
| 110 |
_aRichard Ellis _91875 |
||
| 245 | 4 | _aThe virtual office? Information and communication technology & office space survey. | |
| 260 |
_aLondon _bRichard Ellis _b1998 |
||
| 300 | _a10p. ; 30cm. | ||
| 520 | _aPhotocopy | ||
| 650 | _aOFFICES | ||
| 650 | _aHOT DESKING | ||
| 650 | _aHOMEWORKING | ||
| 650 | _aICT | ||
| 650 | _aOFFICE SPACE | ||
| 690 | _aPROPERTY-COMMERCIAL PROPERTY | ||
| 942 | _n0 | ||
| 999 |
_c100212 _d100212 |
||